| 000 | 00484cam a2200193 4500 | ||
|---|---|---|---|
| 001 | E138452 | ||
| 008 | 010921n2007 000 0 eng u | ||
| 020 | _a9781405145787 | ||
| 035 | _a(Sirsi) u138452 | ||
| 041 | 0 | _aeng | |
| 100 | _aAshworth, A. | ||
| 245 | _aWillis's practice and procedure for the quantity surveyor | ||
| 250 | _a12th ed. | ||
| 260 |
_aOxford _bBlackwell Science _c2007 |
||
| 350 | _a34.99 | ||
| 651 | 4 | _aUNITED KINGDOM | |
| 700 | _aHogg, K. | ||
| 942 | _n0 | ||
| 999 |
_c107173 _d107173 |
||